Zetech University Library - Online Catalog

Mobile: +254-705278678

Whatsapp: +254-706622557

Feedback/Complaints/Suggestions

library@zetech.ac.ke

Economics for today / (Record no. 2576)

MARC details
000 -LEADER
fixed length control field 01183cam a22003374a 4500
001 - CONTROL NUMBER
control field 13673674
003 - CONTROL NUMBER IDENTIFIER
control field ZET-ke
005 - DATE AND TIME OF LATEST TRANSACTION
control field 20190730174926.0
008 - FIXED-LENGTH DATA ELEMENTS--GENERAL INFORMATION
fixed length control field 040802s2005 ohua b 001 0 eng
010 ## - LIBRARY OF CONGRESS CONTROL NUMBER
LC control number 2004111236
020 ## - INTERNATIONAL STANDARD BOOK NUMBER
International Standard Book Number 9780170104623
040 ## - CATALOGING SOURCE
Original cataloging agency DLC
Transcribing agency ZET-ke
Modifying agency DLC
042 ## - AUTHENTICATION CODE
Authentication code pcc
043 ## - GEOGRAPHIC AREA CODE
Geographic area code n-us---
050 00 - LIBRARY OF CONGRESS CALL NUMBER
Classification number HB171.5
Item number .T748 2002
082 00 - DEWEY DECIMAL CLASSIFICATION NUMBER
Classification number 330
Edition number 22
100 1# - MAIN ENTRY--PERSONAL NAME
Personal name Layton, Allan
245 10 - TITLE STATEMENT
Title Economics for today /
Statement of responsibility, etc Allan, Layton.et.al
260 ## - PUBLICATION, DISTRIBUTION, ETC. (IMPRINT)
Place of publication, distribution, etc Australia :
Name of publisher, distributor, etc Cengage, Learning
Date of publication, distribution, etc c2002.
300 ## - PHYSICAL DESCRIPTION
Extent xx, 596 p. :
Other physical details ill. ;
Dimensions 27 cm.
500 ## - GENERAL NOTE
General note includes index
504 ## - BIBLIOGRAPHY, ETC. NOTE
Bibliography, etc Includes bibliographical references and index.
505 ## - FORMATTED CONTENTS NOTE
Formatted contents note Introduction to economics -- Microeconomic fundamentals -- Market structures -- Macroeconomic fundamentals -- Macroeconomic theory and policy -- Further aspects of international economics.
600 ## - SUBJECT ADDED ENTRY--PERSONAL NAME
Personal name Robinson,Tim
600 ## - SUBJECT ADDED ENTRY--PERSONAL NAME
Personal name Tucker, Irvin B.
650 #0 - SUBJECT ADDED ENTRY--TOPICAL TERM
Topical term or geographic name as entry element Economics.
9 (RLIN) 48
651 #0 - SUBJECT ADDED ENTRY--GEOGRAPHIC NAME
Geographic name United States
General subdivision Economic conditions
Chronological subdivision 2001-2009.
906 ## - LOCAL DATA ELEMENT F, LDF (RLIN)
a 7
b cbc
c orignew
d 2
e epcn
f 20
g y-gencatlg
942 ## - ADDED ENTRY ELEMENTS (KOHA)
Source of classification or shelving scheme Library of Congress Classification
Koha item type Books
Call number prefix HB171.5
Call number suffix .T748 2002
Holdings
Withdrawn status Lost status Source of classification or shelving scheme Damaged status Not for loan Collection code Home library Current library Shelving location Date acquired Inventory number Total Checkouts Full call number Barcode Date last seen Date checked out Copy number Price effective from Koha item type
    Library of Congress Classification     Non-fiction Zetech Library - Ruiru Campus Zetech Library - Ruiru Campus General Stacks 15/09/2015 4327 1 HB171.5.T748 2002 Z005729 07/01/2026 05/11/2015 C1 15/09/2015 Books
    Library of Congress Classification     Non-fiction Zetech Library - Ruiru Campus Zetech Library - Ruiru Campus General Stacks 20/11/2015 5195 1 HB171.5.T748 2002 Z006746 07/01/2026 21/02/2017 C.1 20/11/2015 Books